Normal view
MARC view
- الأدب العربي - مسرح - مقالات
Entry Topical Term
001 - CONTROL NUMBER
- control field: 39093
003 - CONTROL NUMBER IDENTIFIER
- control field: JO-AjAnu
005 - DATE AND TIME OF LATEST TRANSACTION
- control field: 20230606080514.0
008 - FIXED-LENGTH DATA ELEMENTS
- fixed length control field: 230606|| aca||aabn | a|a d
040 ## - CATALOGING SOURCE
- Original cataloging agency: JO-AjAnu
- Transcribing agency: JO-AjAnu
150 ## - HEADING--TOPICAL TERM
- Topical term or geographic name entry element: الأدب العربي - مسرح - مقالات
670 ## - SOURCE DATA FOUND
- Source citation: Work cat.: (JO-AjAnu)20049: وهبة، سعد الدين ؛ إعداد وتقديم الأمير أباظة, author 39092, مقالاتي في المسرح